[Event "Palma de Mallorca (GMA)"]
[Site "?"]
[Date "1989.??.??"]
[Round "?"]
[White "Damljanovic, B."]
[Black "Magerramov, E."]
[Result "1-0"]
[WhiteElo "2555"]
[BlackElo "2470"]
[PlyCount "79"]
[EventDate "1989.??.??"]
[Source "www.chesslib.no"]
[SourceDate "2004.05.04"]

1. d4 Nf6 2. c4 e6 3. Nf3 c5 4. d5 exd5 5. cxd5 d6 6. Nc3 g6 7. Nd2 Bg7 8. e4 O-O 9. Be2 Na6 10. O-O Ne8 11. Nc4 f5 12. exf5 Bxf5 13. Be3 Nac7 14. a4 Qe7 15. Qd2 Rd8 16. Rad1 Qf7 17. Rfe1 a6 18. Nb6 Nf6 19. Bg5 Na8 20. Nc4 Nc7 21. Qf4 Qd7 22. Ne3 Rde8 23. Nxf5 gxf5 24. Bd3 Ng4 25. Rxe8 Nxe8 26. h3 Ne5 27. Bc2 Nc7 28. Ne2 Qf7 29. Qg3 Kh8 30. Nf4 Ng6 31. Nxg6+ hxg6 32. Qh4+ Kg8 33. b4 Bd4 34. bxc5 dxc5 35. d6 Ne6 36. Bb3 b5 37. axb5 axb5 38. Bd5 Re8 39. Re1 b4 40. Be7 1-0

[Event "Bratislava-Hr.Kralove"]
[Site "Bratislava"]
[Date "1989.??.??"]
[Round "?"]
[White "Ftacnik, L."]
[Black "Nun, Ji"]
[Result "0-1"]
[WhiteElo "2550"]
[BlackElo "2475"]
[PlyCount "102"]
[EventDate "1989.??.??"]
[Source "www.chesslib.no"]
[SourceDate "2004.05.04"]

1. d4 Nf6 2. Nf3 e6 3. c4 c5 4. d5 exd5 5. cxd5 d6 6. Nc3 g6 7. Nd2 Bg7 8. e4 O-O 9. Be2 Ne8 10. O-O f5 11. exf5 Bxf5 12. Nc4 Na6 13. Bf4 b5 14. Ne3 Bd7 15. Bg3 Nac7 16. Qd2 b4 17. Ne4 Nb5 18. Rae1 a5 19. h4 a4 20. Nc4 Bf5 21. Ng5 Nd4 22. Bd3 Bxd3 23. Qxd3 Rf5 24. Ne6 Nxe6 25. dxe6 d5 26. e7 Qc8 27. Nb6 Qa6 28. Qxa6 Rxa6 29. Nc8 Bxb2 30. Nd6 Rxd6 31. Bxd6 Nxd6 32. e8=Q+ Nxe8 33. Rxe8+ Kg7 34. Rb8 Bc3 35. Rc1 d4 36. Rd1 a3 37. Rc8 h5 38. Kf1 b3 39. axb3 Rf8 40. Rxc5 a2 41. b4 a1=Q 42. Rxa1 Bxa1 43. b5 Bc3 44. b6 Re8 45. Rc7+ Kf6 46. g4 hxg4 47. b7 Re1+ 48. Kg2 Rb1 49. Kg3 Ke5 50. Kxg4 Kd6 51. Rc8 Rxb7 0-1

[Event "Oberwart op"]
[Site "Oberwart"]
[Date "2000.??.??"]
[Round "7"]
[White "Lerner, Konstantin Z"]
[Black "Danner, Georg"]
[Result "1/2-1/2"]
[WhiteElo "2575"]
[BlackElo "2443"]
[PlyCount "85"]
[EventDate "2000.??.??"]
[Source "www.chesslib.no"]
[SourceDate "2004.05.04"]

1. d4 Nf6 2. Nf3 e6 3. c4 c5 4. d5 exd5 5. cxd5 d6 6. Nc3 g6 7. Nd2 Bg7 8. e4 O-O 9. Be2 Na6 10. O-O Nc7 11. a4 b6 12. f3 Nd7 13. Nc4 Ne5 14. Ne3 f5 15. f4 Nf7 16. exf5 gxf5 17. Kh1 a6 18. Bd3 Nh6 19. Bd2 Rb8 20. Rb1 b5 21. b3 Bd7 22. Qc2 Qe8 23. Rf3 Rf6 24. axb5 axb5 25. Ne2 Qf7 26. Bc3 Rg6 27. Bxg7 Rxg7 28. Rd1 Na6 29. Qd2 Nb4 30. Bb1 Ng4 31. Ng3 Nxe3 32. Rxe3 Rf8 33. Ne2 Re8 34. Nc3 Rxe3 35. Qxe3 Qe7 36. Re1 Qxe3 37. Rxe3 Kf7 38. Rh3 Kg8 39. Kg1 Rg4 40. Rh6 Rg6 41. Rh5 Rf6 42. Kf2 h6 43. Rh3 1/2-1/2

[Event "Jurmala"]
[Site "?"]
[Date "1987.??.??"]
[Round "?"]
[White "Toshkov, T."]
[Black "Romanishin, O."]
[Result "0-1"]
[WhiteElo "2460"]
[BlackElo "2555"]
[PlyCount "84"]
[EventDate "1987.??.??"]
[Source "ChessBase"]
[SourceDate "1987.07.01"]

1. d4 Nf6 2. c4 e6 3. Nf3 c5 4. d5 exd5 5. cxd5 d6 6. Nc3 g6 7. Nd2 Bg7 8. e4 O-O 9. Be2 Ne8 10. O-O f5 11. exf5 Bxf5 12. Nc4 Na6 13. Bf4 Nb4 14. Qd2 Qd7 15. h3 b5 16. Ne3 Bd3 17. Bg3 Bxe2 18. Qxe2 Rb8 19. a3 Na6 20. a4 Bxc3 21. bxc3 Nac7 22. axb5 Nxb5 23. Qb2 Nf6 24. Rfb1 Qc7 25. Qc2 Rfe8 26. Qd3 c4 27. Nxc4 Ne4 28. Rxb5 Rxb5 29. Re1 Nf6 30. Re6 Rxe6 31. dxe6 Rd5 32. Qf3 Qe7 33. Bh4 g5 34. Ne3 Rc5 35. Qa8+ Qe8 36. Qf3 Qxe6 37. Bg3 Ne4 38. c4 a5 39. h4 a4 40. hxg5 Rxg5 41. Nd5 Nxg3 42. fxg3 a3 0-1

[Event "World Op"]
[Site "World Op"]
[Date "1987.??.??"]
[Round "10"]
[White "Dlugy, Maxim"]
[Black "De Firmian, Nick E"]
[Result "0-1"]
[WhiteElo "2520"]
[BlackElo "2485"]
[PlyCount "100"]
[EventDate "1987.??.??"]
[Source "www.chesslib.no"]
[SourceDate "2004.05.04"]

1. d4 Nf6 2. c4 e6 3. Nf3 c5 4. d5 exd5 5. cxd5 d6 6. Nc3 g6 7. Nd2 Bg7 8. e4 O-O 9. Be2 Na6 10. O-O Nc7 11. a4 Nd7 12. Kh1 Rb8 13. f4 f5 14. Nc4 Nb6 15. e5 Nxc4 16. Bxc4 a6 17. e6 b5 18. axb5 axb5 19. Be2 b4 20. Nb1 Re8 21. Bc4 Bb7 22. Ra7 Qc8 23. Qb3 Ra8 24. Rxa8 Qxa8 25. Rd1 Bd4 26. Be3 Bxe3 27. Qxe3 Bxd5 28. Bxd5 Nxd5 29. Qf3 Rxe6 30. h3 Nc7 31. Qb3 Qe4 32. Nd2 Qxf4 33. Nf3 d5 34. Qa4 Qd6 35. Qa7 Qb6 36. Qa4 Re7 37. Ra1 Kg7 38. Qd1 h6 39. Qd2 d4 40. b3 Re3 41. Qa2 Qd6 42. Qa7 Rxb3 43. Qb8 Ra3 44. Re1 Re3 45. Ra1 Re8 46. Qb7 Re7 47. Nd2 d3 48. Rc1 c4 49. Nxc4 d2 50. Rg1 d1=Q 0-1

[Event "It (open)"]
[Site "Balaguer (Spain)"]
[Date "2007.07.19"]
[Round "4"]
[White "Kononenko Tatiana (UKR)"]
[Black "Delchev Aleksander (BUL)"]
[Result "0-1"]
[WhiteElo "2393"]
[BlackElo "2591"]
[PlyCount "91"]
[EventDate "2007.??.??"]
[Source "www.chesslib.no"]
[SourceDate "2004.05.04"]

1. d4 Nf6 2. c4 e6 3. Nf3 c5 4. d5 d6 5. Nc3 exd5 6. cxd5 g6 7. Nd2 Bg7 8. e4 O-O 9. Be2 Na6 10. O-O Nc7 11. a4 b6 12. Nc4 Ba6 13. Bg5 h6 14. Bh4 Bxc4 15. Bxc4 Qd7 16. f3 a6 17. Qd3 Nh5 18. f4 b5 19. axb5 axb5 20. Rxa8 Rxa8 21. Nxb5 Nxb5 22. Bxb5 Qg4 23. Qh3 Qxh3 24. gxh3 Rb8 25. Bc4 Rxb2 26. e5 g5 27. Be1 Nxf4 28. exd6 Be5 29. Rf3 Bxd6 30. Re3 Kf8 31. Bc3 Rb1+ 32. Kf2 Rd1 33. Bb3 Rd3 34. Rxd3 Nxd3+ 35. Ke3 Nf4 36. Kf3 f5 37. h4 g4+ 38. Kf2 h5 39. Bd2 Nh3+ 40. Kf1 f4 41. Be1 f3 42. Bg3 Ke7 43. Bc2 Bxg3 44. hxg3 c4 45. Bg6 c3 46. Bc2 0-1

[Event "18. It"]
[Site "18. It Vrnjacka Banja"]
[Date "1988.??.??"]
[Round "?"]
[White "Rashkovsky, Nukhim N"]
[Black "Lukacs, Peter"]
[Result "1/2-1/2"]
[WhiteElo "2490"]
[BlackElo "2490"]
[PlyCount "33"]
[EventDate "1988.??.??"]
[Source "www.chesslib.no"]
[SourceDate "2004.05.04"]

1. d4 Nf6 2. Nf3 c5 3. d5 g6 4. c4 e6 5. Nc3 exd5 6. cxd5 d6 7. Nd2 Bg7 8. e4 O-O 9. Be2 Na6 10. O-O Ne8 11. Nc4 f5 12. exf5 Bxf5 13. Ne3 Bd7 14. Bd2 Rb8 15. Ng4 Nac7 16. a4 a6 17. Qc1 1/2-1/2

[Event "Memorial Konig"]
[Site "San Francisco (USA)"]
[Date "2007.07.24"]
[Round "?"]
[White "Atalik Suat (BIH)"]
[Black "Stein Alan"]
[Result "1-0"]
[WhiteElo "2564"]
[BlackElo "2412"]
[PlyCount "113"]
[EventDate "2007.??.??"]
[Source "www.chesslib.no"]
[SourceDate "2004.05.04"]

1. d4 Nf6 2. c4 e6 3. Nf3 c5 4. d5 d6 5. Nc3 exd5 6. cxd5 g6 7. Nd2 Bg7 8. e4 O-O 9. Be2 Ne8 10. O-O Na6 11. Nc4 f5 12. exf5 Bxf5 13. Bf4 Nac7 14. a4 Qe7 15. Qd2 Rd8 16. Bf3 Rf7 17. Ne3 Bc8 18. Ng4 Bxg4 19. Bxg4 Be5 20. Bg5 Bf6 21. f4 Kh8 22. Rae1 Qf8 23. Be6 Re7 24. f5 Bxg5 25. Qxg5 Qf6 26. Qxf6+ Nxf6 27. fxg6 Kg7 28. gxh7 Nxh7 29. Bf5 Rde8 30. Rd1 Nf6 31. Rd3 Re3 32. Rfd1 Rxd3 33. Bxd3 Re5 34. Bc4 Ng4 35. b3 b6 36. h3 Ne3 37. Rd2 a6 38. Re2 Kf6 39. Kf2 Nexd5 40. Nxd5+ Nxd5 41. Rd2 Ke6 42. g4 b5 43. axb5 axb5 44. Bxb5 Nc3 45. Bd3 d5 46. h4 d4 47. Kf3 Re3+ 48. Kf4 Nd5+ 49. Kg5 Ke5 50. h5 Nf4 51. Bc4 Nh3+ 52. Kh4 Ng1 53. Rd3 Kf4 54. Rxe3 dxe3 55. h6 Nf3+ 56. Kh5 Ng5 57. Be2 1-0

[Event "Osterskars"]
[Site "?"]
[Date "1995.??.??"]
[Round "5"]
[White "Farago Ivan"]
[Black "Wedberg Tom"]
[Result "1/2-1/2"]
[WhiteElo "2520"]
[BlackElo "2455"]
[PlyCount "33"]
[EventDate "1995.??.??"]
[Source "www.chesslib.no"]
[SourceDate "2004.05.04"]

1. d4 Nf6 2. c4 e6 3. Nf3 c5 4. d5 d6 5. Nc3 exd5 6. cxd5 g6 7. Nd2 Bg7 8. e4 O-O 9. Be2 Ne8 10. O-O f5 11. Nc4 f4 12. e5 dxe5 13. Bf3 Nd6 14. Nxd6 Qxd6 15. Ne4 Qb6 16. Bd2 Bf5 17. Bc3 1/2-1/2

[Event "AUT-chT2O 9697"]
[Site "Austria"]
[Date "1996.??.??"]
[Round "6"]
[White "Farago, Ivan"]
[Black "Rotstein, Arkadij"]
[Result "1/2-1/2"]
[WhiteElo "2525"]
[BlackElo "2445"]
[PlyCount "93"]
[EventDate "1996.??.??"]
[Source "www.chesslib.no"]
[SourceDate "2004.05.04"]

1. d4 Nf6 2. c4 c5 3. d5 e6 4. Nc3 exd5 5. cxd5 d6 6. Nf3 g6 7. Nd2 Bg7 8. e4 O-O 9. Be2 Na6 10. O-O Nc7 11. a4 b6 12. Nc4 Ba6 13. Bf4 Bxc4 14. Bxc4 Re8 15. Re1 a6 16. e5 Nh5 17. exd6 Rxe1+ 18. Qxe1 Ne8 19. Be3 Nxd6 20. Qf1 Qh4 21. Be2 Qb4 22. Rb1 Nf6 23. h3 Nd7 24. Bd2 Ne5 25. Bxa6 Nec4 26. Bxc4 Nxc4 27. Be1 Re8 28. b3 Ne3 29. Qe2 Bxc3 30. fxe3 Qe4 31. Rd1 Bxe1 32. Qxe1 Qxe3+ 33. Qxe3 Rxe3 34. d6 Re8 35. d7 Rd8 36. Rd6 Kf8 37. Kf2 Ke7 38. Rxb6 Rxd7 39. Ke2 Rd4 40. a5 c4 41. b4 c3 42. b5 Rd5 43. a6 c2 44. Rc6 Rxb5 45. Rxc2 Ra5 46. Rc6 Ra3 47. Rb6 1/2-1/2

[Event "Miskolc"]
[Site "Miskolc"]
[Date "1990.??.??"]
[Round "7"]
[White "Halasz, Tamas"]
[Black "Ruban, Vadim"]
[Result "0-1"]
[WhiteElo "2415"]
[BlackElo "2555"]
[PlyCount "86"]
[EventDate "1990.12.??"]
[Source "www.chesslib.no"]
[SourceDate "2004.05.04"]

1. d4 Nf6 2. c4 e6 3. Nf3 c5 4. d5 exd5 5. cxd5 g6 6. Nc3 Bg7 7. e4 d6 8. Nd2 O-O 9. Be2 Na6 10. O-O Nc7 11. a4 b6 12. Nc4 Ba6 13. f3 Nh5 14. g4 Nf6 15. Bg5 Qd7 16. Qd2 Bxc4 17. Bxc4 a6 18. Qe2 h6 19. Be3 Qe7 20. Qd2 Kh7 21. Rab1 Rfb8 22. b4 b5 23. bxc5 bxc4 24. cxd6 Qxd6 25. e5 Qd8 26. exf6 Bxf6 27. Ne4 Bg7 28. d6 Ne6 29. f4 Rxb1 30. Rxb1 Rb8 31. Rc1 Rb2 32. Rc2 c3 33. Nxc3 Rxc2 34. Qxc2 Qxd6 35. Ne2 Qd5 36. Kf2 Qh1 37. Kg3 Bf6 38. h3 Bh4+ 39. Kxh4 Qe1+ 40. Ng3 Qxe3 41. Nh5 Qe1+ 42. Ng3 Nxf4 43. a5 Qe7+ 0-1

[Event "Lone Pine"]
[Site "Lone Pine"]
[Date "1980.??.??"]
[Round "4"]
[White "Rajkovic, Dusan"]
[Black "Kaplan, Julio P"]
[Result "0-1"]
[WhiteElo "2495"]
[BlackElo "2475"]
[PlyCount "72"]
[EventDate "1980.03.??"]
[Source "ChessBase"]

1. d4 Nf6 2. c4 e6 3. Nf3 c5 4. d5 exd5 5. cxd5 g6 6. Nc3 Bg7 7. e4 O-O 8. Be2 d6 9. Nd2 Na6 10. O-O Nc7 11. a4 b6 12. Nc4 Ba6 13. Bg5 Qd7 14. f4 Rab8 15. e5 Nfe8 16. exd6 Nxd6 17. Nxd6 Qxd6 18. Bxa6 Nxa6 19. Qe2 Qe5 20. Qxe5 Bxe5 21. Be7 Rfe8 22. d6 Nb4 23. Rad1 f5 24. Rfe1 Bd4+ 25. Rxd4 cxd4 26. d7 dxc3 27. dxe8=Q+ Rxe8 28. bxc3 Nd5 29. Bh4 Rxe1+ 30. Bxe1 Kf7 31. Bd2 Ke6 32. Kf2 Nf6 33. Ke3 Nd7 34. c4 a5 35. Kd4 Nc5 36. Bc1 Nb3+ 0-1

[Event "XVII Festival - Open A"]
[Site "Cracovia POL"]
[Date "2006.12.30"]
[Round "4"]
[White "Jedynak, R."]
[Black "Marszalek, Mac"]
[Result "1/2-1/2"]
[WhiteElo "2559"]
[BlackElo "2402"]
[PlyCount "62"]
[EventDate "2006.12.27"]
[Source "www.chesslib.no"]
[SourceDate "2004.05.04"]

1. d4 Nf6 2. c4 g6 3. Nc3 Bg7 4. e4 d6 5. Nf3 O-O 6. Be2 c5 7. d5 e6 8. O-O exd5 9. cxd5 Bg4 10. Bf4 Bxf3 11. Bxf3 a6 12. e5 dxe5 13. Bxe5 Nbd7 14. Bg3 Re8 15. d6 Rb8 16. Re1 Rxe1+ 17. Qxe1 Qb6 18. Qd2 Re8 19. Rd1 h5 20. h3 Qb4 21. Nd5 Nxd5 22. Bxd5 Qxd2 23. Rxd2 b6 24. Bb7 a5 25. Bc6 Rd8 26. Re2 Bf6 27. Re7 h4 28. Bf4 g5 29. Rxd7 Rxd7 30. Bxd7 gxf4 31. b3 Be5 1/2-1/2

[Event "Meisdorf op"]
[Site "Meisdorf"]
[Date "1996.??.??"]
[Round "?"]
[White "Arbakov, Valentin"]
[Black "Berelovich, Aleksandar"]
[Result "1-0"]
[WhiteElo "2455"]
[BlackElo "2505"]
[PlyCount "82"]
[EventDate "1996.??.??"]
[Source "www.chesslib.no"]
[SourceDate "2004.05.04"]

1. d4 Nf6 2. c4 e6 3. Nf3 c5 4. d5 exd5 5. cxd5 d6 6. Nc3 g6 7. Nd2 Bg7 8. e4 O-O 9. Be2 Na6 10. O-O Ne8 11. Nc4 f5 12. exf5 Bxf5 13. Bf4 b5 14. Ne3 Bd7 15. Bg3 Nac7 16. Qd2 Qe7 17. Rfe1 b4 18. Ncd1 Qf6 19. a3 Qd4 20. Qxd4 cxd4 21. Nc4 Nxd5 22. Bf3 Rxf3 23. gxf3 Rc8 24. Na5 d3 25. Re4 Bb5 26. axb4 d2 27. Nb3 Bd3 28. Nxd2 Bxe4 29. fxe4 Nxb4 30. Kg2 Nd3 31. Rxa7 Rc1 32. Ne3 Bd4 33. Ra3 Nxb2 34. Nd5 Rc2 35. Nf3 Bxf2 36. Bxf2 Nd1 37. Ra8 Kf8 38. Nd4 Rxf2+ 39. Kg3 Kf7 40. Ra7+ Kg8 41. Nf3 Rf1 1-0

[Event "Groningen (open)"]
[Site "?"]
[Date "1992.??.??"]
[Round "?"]
[White "Shneider, A."]
[Black "Ciemniak, R."]
[Result "1-0"]
[WhiteElo "2545"]
[BlackElo "2415"]
[PlyCount "127"]
[EventDate "1992.??.??"]
[Source "ChessBase"]
[SourceDate "1992.10.01"]

1. d4 Nf6 2. c4 c5 3. d5 e6 4. Nc3 exd5 5. cxd5 d6 6. Nf3 g6 7. Nd2 Bg7 8. e4 O-O 9. Be2 Na6 10. O-O Nc7 11. a4 b6 12. Kh1 Rb8 13. Nc4 Ba6 14. Bg5 h6 15. Bh4 Bxc4 16. Bxc4 a6 17. Bd3 Qd7 18. f4 Rfe8 19. Bc2 Nh7 20. e5 dxe5 21. d6 Ne6 22. f5 Nf4 23. fxg6 fxg6 24. Be7 Nf6 25. g3 N4h5 26. Qf3 Kh7 27. Ne4 Rxe7 28. dxe7 Qxe7 29. Rad1 c4 30. Nd6 e4 31. Nxe4 Nxe4 32. Bxe4 Rf8 33. Qg2 Rxf1+ 34. Rxf1 Nf6 35. Bf3 Qe5 36. Qc2 b5 37. axb5 axb5 38. b3 cxb3 39. Qxb3 h5 40. Rb1 Ng4 41. Qxb5 Qxb5 42. Rxb5 Ne5 43. Be4 Bf6 44. Rb7+ Kh6 45. h4 Bd8 46. Rb8 Bf6 47. Rb6 Kg7 48. Kg2 Bd8 49. Re6 Bf6 50. Kf2 Kf7 51. Bd5 Kg7 52. Ke3 Ng4+ 53. Kf4 Bc3 54. Re7+ Kh6 55. Rb7 Nf6 56. Bb3 Be1 57. Bc2 Bc3 58. Kf3 Bd2 59. Rb5 Kg7 60. Ke2 Bc1 61. Rc5 Ba3 62. Rg5 Bd6 63. Rxg6+ Kf7 64. Bd3 1-0

[Event "Kusadasi Open"]
[Site "Kusadasi"]
[Date "1990.??.??"]
[Round "1"]
[White "Novikov, Igor A"]
[Black "Fedorov, Vladislav"]
[Result "1-0"]
[WhiteElo "2550"]
[BlackElo "2410"]
[PlyCount "102"]
[EventDate "1990.04.??"]
[Source "www.chesslib.no"]
[SourceDate "2004.05.04"]

1. d4 Nf6 2. c4 e6 3. Nf3 c5 4. d5 exd5 5. cxd5 g6 6. Nc3 d6 7. Nd2 Bg7 8. e4 O-O 9. Be2 Na6 10. O-O Nc7 11. a4 b6 12. Nc4 Ba6 13. Bd2 Bxc4 14. Bxc4 a6 15. Qe2 Re8 16. f3 Nh5 17. g4 Bd4+ 18. Kh1 Nf6 19. Qd3 Nd7 20. f4 Nf6 21. Rac1 Nxg4 22. Qg3 Nf6 23. e5 Nh5 24. Qg2 f5 25. Ne2 Bxb2 26. Rb1 b5 27. Rxb2 bxc4 28. Ba5 Ra7 29. Rb6 dxe5 30. d6 Ne6 31. fxe5 Qd7 32. Qd5 Qxa4 33. Rfb1 Kf8 34. Bd2 Rd7 35. Rb7 Rxb7 36. Qxb7 Qc2 37. Rb2 Qd1+ 38. Ng1 Nhf4 39. Qxh7 Qh5 40. Qxh5 Nxh5 41. Rb7 Nhf4 42. Nf3 Nd3 43. Ba5 Nb4 44. Nh4 c3 45. Nxg6+ Kg8 46. Ne7+ Kf8 47. Ng6+ Kg8 48. Ne7+ Kf8 49. Bxb4 Nd8 50. Ng6+ Kg8 51. d7 Re6 1-0

[Event "Luzern olm"]
[Site "?"]
[Date "1982.??.??"]
[Round "9"]
[White "Van Der Sterren, P."]
[Black "Hulak, K."]
[Result "0-1"]
[WhiteElo "2465"]
[BlackElo "2495"]
[PlyCount "80"]
[EventDate "1982.??.??"]
[Source "www.chesslib.no"]
[SourceDate "2004.05.04"]

1. d4 Nf6 2. c4 e6 3. Nf3 c5 4. d5 exd5 5. cxd5 d6 6. Nc3 g6 7. e4 Bg7 8. Be2 Bg4 9. O-O O-O 10. h3 Bxf3 11. Bxf3 Nbd7 12. Bf4 Ne8 13. Qd2 a6 14. Bg5 Nef6 15. Rae1 Re8 16. Bd1 b5 17. Bc2 Qb6 18. f4 c4+ 19. Kh1 b4 20. Nd1 Rac8 21. Rf3 Qa5 22. Bh4 c3 23. bxc3 Qxa2 24. Qc1 b3 25. Bb1 Qa1 26. Nf2 a5 27. Qd2 a4 28. e5 dxe5 29. Bxf6 Nxf6 30. Bxg6 Qxe1+ 31. Qxe1 hxg6 32. d6 exf4 33. Qa1 Rb8 34. Nd3 Re4 35. Nb2 Nd5 36. Nxa4 Ra8 37. Qb1 Raxa4 38. d7 Bf6 39. Rd3 b2 40. c4 Ra1 0-1

[Event "Budapest Spring op"]
[Site "?"]
[Date "1990.??.??"]
[Round "9"]
[White "Baburin, A."]
[Black "Magerramov, E."]
[Result "0-1"]
[WhiteElo "2455"]
[BlackElo "2500"]
[PlyCount "66"]
[EventDate "1990.??.??"]
[Source "www.chesslib.no"]
[SourceDate "2004.05.04"]

1. d4 Nf6 2. c4 c5 3. d5 e6 4. Nc3 exd5 5. cxd5 d6 6. Nf3 g6 7. Nd2 Bg7 8. e4 O-O 9. Be2 Na6 10. O-O Ne8 11. Nc4 f5 12. exf5 Bxf5 13. Bf4 b5 14. Ne3 Bd7 15. Bg3 c4 16. a4 b4 17. Ne4 Bf5 18. Bxc4 Bxe4 19. Bxa6 Bxb2 20. Ra2 Bg7 21. a5 Rb8 22. Qb3 Nc7 23. Be2 Bc3 24. Rd1 Re8 25. Bf1 Bg7 26. h3 h5 27. a6 Qf6 28. h4 Nb5 29. Bxb5 Rxb5 30. Re2 Rc5 31. f3 Bxf3 32. Rf1 Bxe2 33. Rxf6 Bxf6 0-1

[Event "Dortmund Open"]
[Site "Dortmund GER"]
[Date "1995.??.??"]
[Round "6"]
[White "Pinter, Jozsef"]
[Black "Ciemniak, Robert"]
[Result "1/2-1/2"]
[WhiteElo "2555"]
[BlackElo "2395"]
[PlyCount "104"]
[EventDate "1995.07.??"]
[Source "www.chesslib.no"]
[SourceDate "2004.05.04"]

1. d4 Nf6 2. c4 c5 3. d5 g6 4. Nc3 d6 5. e4 Bg7 6. Be2 O-O 7. Nf3 e6 8. O-O exd5 9. cxd5 Bg4 10. h3 Bxf3 11. Bxf3 Nbd7 12. Qc2 Re8 13. Bd2 a6 14. a4 c4 15. Be3 Rc8 16. Rfe1 Nc5 17. Bg5 h6 18. Be3 Nfd7 19. Bg4 Nd3 20. Re2 h5 21. Bxd7 Qxd7 22. a5 f5 23. exf5 Qxf5 24. Na4 Rc7 25. Rd1 Qxd5 26. b3 Qe4 27. Rdd2 Qc6 28. bxc4 Ne5 29. Nb6 Kh7 30. Rd4 Rf7 31. Re4 Rf5 32. f4 Nf7 33. Rxe8 Qxe8 34. Nd5 Nh6 35. Bb6 Qf8 36. g3 h4 37. g4 Rxf4 38. Nxf4 Qxf4 39. Qe4 Qg3+ 40. Qg2 Qd3 41. Re3 Qxc4 42. Qxb7 Nf7 43. Qe4 Qc1+ 44. Re1 Qd2 45. Qe3 Qd5 46. Qe4 Qd2 47. Qe2 Qc3 48. Qe3 Qc4 49. Qf2 Be5 50. Qxh4+ Kg7 51. Rf1 Qd3 52. Qf2 Ng5 1/2-1/2

[Event "AUT-chT2O 9697"]
[Site "Austria"]
[Date "1997.??.??"]
[Round "8"]
[White "Farago, Ivan"]
[Black "Lau, Ralf"]
[Result "1/2-1/2"]
[WhiteElo "2440"]
[BlackElo "2500"]
[PlyCount "93"]
[EventDate "1996.??.??"]
[Source "www.chesslib.no"]
[SourceDate "2004.05.04"]

1. d4 Nf6 2. c4 c5 3. d5 e6 4. Nc3 exd5 5. cxd5 d6 6. Nf3 g6 7. Nd2 Bg7 8. e4 O-O 9. Be2 Na6 10. O-O Nc7 11. a4 b6 12. Nc4 Ba6 13. Bf4 Bxc4 14. Bxc4 a6 15. Re1 Nh5 16. Bd2 Qd7 17. Be2 Nf6 18. Rb1 Rfe8 19. Bf1 b5 20. b4 c4 21. h3 h6 22. a5 Kh7 23. Qc2 Re7 24. g3 Rae8 25. Bg2 Nh5 26. g4 Nf6 27. Be3 Kg8 28. Rbd1 Nh7 29. Ne2 Ng5 30. Nd4 Nxe4 31. Nc6 Nc3 32. Nxe7+ Rxe7 33. Rd2 f5 34. Kf1 Na4 35. gxf5 gxf5 36. Bd4 Rxe1+ 37. Kxe1 Bxd4 38. Rxd4 Qg7 39. Qxf5 Qxd4 40. Qc8+ Kf7 41. Qxc7+ Ke8 42. Qc8+ Kf7 43. Qe6+ Kg7 44. Qe7+ Kg8 45. Be4 Qa1+ 46. Kd2 Qd4+ 47. Ke1 1/2-1/2

[Event "III Campionato Ue"]
[Site "Arvier ITA"]
[Date "2007.06.18"]
[Round "4.8"]
[White "Baburin, Alexander"]
[Black "Piscopo, Pierluigi"]
[Result "1/2-1/2"]
[WhiteElo "2545"]
[BlackElo "2392"]
[PlyCount "87"]
[EventDate "2007.06.15"]
[Source "www.chesslib.no"]
[SourceDate "2004.05.04"]

1. d4 Nf6 2. c4 c5 3. d5 e6 4. Nc3 exd5 5. cxd5 d6 6. Nf3 g6 7. e4 Bg7 8. Be2 O-O 9. O-O Bg4 10. Bf4 Bxf3 11. Bxf3 Ne8 12. Be2 Nd7 13. Qc2 a6 14. a4 Qe7 15. Rfe1 Nc7 16. Bf1 Rab8 17. Bg3 Rfc8 18. Rad1 Qf8 19. f4 Re8 20. Kh1 b5 21. axb5 axb5 22. e5 dxe5 23. fxe5 Rxe5 24. Bxe5 Bxe5 25. Ne4 c4 26. g3 Qb4 27. Bh3 f5 28. Nc3 Qd6 29. Bg2 Nc5 30. Re2 N7a6 31. Rde1 Nb4 32. Nxb5 Nxc2 33. Nxd6 Nxe1 34. Nxc4 Bxb2 35. Rxe1 Nd3 36. Rb1 Be5 37. Rxb8+ Bxb8 38. d6 Kf8 39. Bc6 Kf7 40. Bd5+ Kf6 41. Kg2 Ne5 42. Nxe5 Kxe5 43. d7 Bc7 44. Bc6 1/2-1/2

[Event "Lugano"]
[Site "?"]
[Date "1989.??.??"]
[Round "?"]
[White "Lerner, K."]
[Black "Maus, So"]
[Result "1-0"]
[WhiteElo "2535"]
[BlackElo "2400"]
[PlyCount "79"]
[EventDate "1989.??.??"]
[Source "ChessBase"]
[SourceDate "1989.01.01"]

1. d4 Nf6 2. c4 c5 3. d5 e6 4. Nc3 exd5 5. cxd5 d6 6. Nf3 g6 7. Nd2 Bg7 8. e4 O-O 9. Be2 Na6 10. O-O Nc7 11. a4 b6 12. Nc4 Ba6 13. Bg5 h6 14. Bf4 Nh5 15. Be3 Qh4 16. Qd2 f5 17. Bxh6 Bxc4 18. Bxc4 f4 19. Bxg7 Kxg7 20. f3 Rh8 21. Rfe1 Nf6 22. h3 Nd7 23. e5 Nxe5 24. Rxe5 dxe5 25. d6 Ne8 26. d7 Nf6 27. Qd6 Kh6 28. Qe7 Rad8 29. Rd1 Kh5 30. Qxe5+ Qg5 31. Qe7 Rxd7 32. Rxd7 Nxd7 33. Qxd7 Qe5 34. Kh2 Kh6 35. Ne4 Qxb2 36. Qd6 Qg7 37. Qxf4+ g5 38. Qd6+ Qg6 39. Nf6 Rh7 40. Bd3 1-0

[Event "Memorial Konig"]
[Site "San Francisco (USA)"]
[Date "2007.07.17"]
[Round "?"]
[White "Fedorowicz John P (USA)"]
[Black "Friedel Joshua E (USA)"]
[Result "1-0"]
[WhiteElo "2460"]
[BlackElo "2472"]
[PlyCount "125"]
[EventDate "2007.??.??"]
[Source "www.chesslib.no"]
[SourceDate "2004.05.04"]

1. d4 Nf6 2. c4 e6 3. Nf3 c5 4. d5 d6 5. Nc3 exd5 6. cxd5 g6 7. Nd2 Bg7 8. e4 O-O 9. Be2 Na6 10. O-O Nc7 11. a4 Nfe8 12. Nc4 f5 13. exf5 Rxf5 14. Ne3 Rf4 15. Bd2 b6 16. Nc2 Rf7 17. a5 bxa5 18. Rxa5 Rb8 19. Ra2 a6 20. Bc4 Qh4 21. b3 Be5 22. g3 Qh3 23. Ne4 h6 24. f3 Qh5 25. Be2 Bg7 26. Bc4 Bb7 27. g4 Qe5 28. Re1 Bxd5 29. Nc3 Bxc4 30. Rxe5 Bxb3 31. Re1 Bxc3 32. Ra3 Bg7 33. Kg2 c4 34. Qb1 Rb5 35. Na1 Rd5 36. Nxb3 cxb3 37. Re2 b2 38. Bc3 Kh7 39. Bxb2 Rb5 40. Qa2 Nd5 41. Rd2 Nec7 42. Bxg7 Kxg7 43. Kg3 Rc5 44. Rad3 Nc3 45. Qa1 N7b5 46. Qxa6 Ra7 47. Qb6 Rac7 48. h4 d5 49. Re3 R5c6 50. Qb8 Nd6 51. Qb2 Kh7 52. Kh3 Ndb5 53. Qb4 Rd6 54. Re8 Rf7 55. Rd3 Rdf6 56. Kg2 d4 57. Qa5 Nc7 58. Re5 Ne6 59. Kh2 g5 60. h5 Rb7 61. Rxe6 Rb2+ 62. Kg3 Rxe6 63. Rxc3 1-0

[Event "UKR Ch"]
[Site "Lvov UKR"]
[Date "1988.??.??"]
[Round "9"]
[White "Karpman, Vadim"]
[Black "Moskalenko, Viktor"]
[Result "0-1"]
[WhiteElo "2490"]
[BlackElo "2440"]
[PlyCount "68"]
[EventDate "1988.??.??"]
[Source "www.chesslib.no"]
[SourceDate "2004.05.04"]

1. d4 Nf6 2. c4 c5 3. d5 e6 4. Nc3 exd5 5. cxd5 d6 6. Nf3 g6 7. Nd2 Bg7 8. e4 O-O 9. Be2 Ne8 10. O-O f5 11. exf5 Bxf5 12. Nc4 Na6 13. Bf4 Bd3 14. Bg3 Bxc4 15. Bxc4 Nac7 16. a4 Nf6 17. Be2 Re8 18. Qd3 a6 19. Rab1 b5 20. axb5 axb5 21. Nxb5 Nxb5 22. Qxb5 Ne4 23. Bf4 Bd4 24. Bg4 Nxf2 25. Be6+ Kh8 26. Rxf2 Bxf2+ 27. Kxf2 Rf8 28. Kg3 Rxf4 29. Kxf4 Qh4+ 30. Ke3 Qd4+ 31. Ke2 Qe4+ 32. Kd2 Qxb1 33. Qb3 Qe4 34. Qc3+ Qd4+ 0-1

[Event "Uzhgorod"]
[Site "?"]
[Date "1988.??.??"]
[Round "?"]
[White "Hansen, Cu"]
[Black "Luther, T."]
[Result "1/2-1/2"]
[WhiteElo "2520"]
[BlackElo "2410"]
[PlyCount "48"]
[EventDate "1988.??.??"]
[Source "www.chesslib.no"]
[SourceDate "2004.05.04"]

1. d4 Nf6 2. c4 e6 3. Nf3 c5 4. d5 exd5 5. cxd5 d6 6. Nc3 g6 7. e4 Bg7 8. Be2 O-O 9. O-O Bg4 10. Bf4 Qe7 11. h3 Bxf3 12. Bxf3 Nbd7 13. Qd2 a6 14. a4 c4 15. Rae1 Ne5 16. Be2 Rac8 17. Bg5 b5 18. axb5 axb5 19. Bxf6 Qxf6 20. f4 Nd3 21. Bxd3 cxd3 22. Qxd3 Qd4+ 23. Qxd4 Bxd4+ 24. Kh2 Bxc3 1/2-1/2